| 000 | 00932nas a2200301 4500 | ||
|---|---|---|---|
| 001 | BR2011004738 | ||
| 003 | BR-BrBNA | ||
| 005 | 20231205115103.0 | ||
| 007 | ta | ||
| 008 | 230509b bl.|||p| |||| 00| 00por d | ||
| 040 |
_aBR-BrBNA _bpor _cBiblioteca Nacional de Agricultura |
||
| 041 | _a(Pt) | ||
| 072 | _aF06 | ||
| 100 | 1 | _aSilva, F.E.O. da | |
| 100 | 1 | _aMaracajá, P.B. | |
| 100 | 1 | _aMedeiros, J.F. de | |
| 100 | 1 | _aOliveira, F. de A. de | |
| 100 | 1 | _aOliveira, M.K.T. de | |
| 245 | 1 | _aDesenvolvimento vegetativo do feijão caupi irrigado com água salina em casa de vegetação | |
| 650 | _aFEIJÃO DE CORDA | ||
| 650 | _aCRESCIMENTO | ||
| 650 | _aÁGUA SALINA | ||
| 650 | _aÁGUA DE IRRIGAÇÃO | ||
| 650 | _aVIGNA UNGUICULATA | ||
| 773 | 0 |
_tRevista Caatinga (Brazil) _xISSN 0100-316X _g(Jul-Sep 2009), v. 22(3) p. 152-155 _wBR2011004738 |
|
| 909 |
_a202311 _bLúcia _c55 _dLúcia Elande |
||
| 942 |
_2AGRIS _n0 _cANA |
||
| 999 |
_c212014 _d212014 |
||